| 000 | 00000nam##2200000za#4500 |
| 001 | 9.687184 |
| 003 | CaOODSP |
| 005 | 20210624230850 |
| 007 | cr ||||||||||| |
| 008 | 150407|2004||||xxc|||||o f|0| 0 eng|d |
| 020 | |a0-662-38405-9 |
| 040 | |aCaOODSP|beng |
| 043 | |an-cn--- |
| 086 | 1 |aHS28-8/2004E-PDF |
| 110 | 1 |aCanada. |bHuman Resources and Skills Development Canada. |
| 245 | 10|aSummative evaluation of employment benefits and support measures under the terms of the Canada/British Columbia Labour Market Development Agreement - final agreement |h[electronic resource] |
| 260 | |aOttawa - Ontario : |bHuman Resources and Skills Development Canada |c2004. |
| 590 | |a13-08-Supp|b2013-04-02 |
| 690 | 07|aBenefits|2gcpds |
| 690 | 07|aEmployment|2gcpds |
| 690 | 07|aFederal provincial relations|2gcpds |
| 775 | 08|tÉvaluation sommative des prestations d'emploi et des mesures de soutien prévues aux termes de l'Entente Canada Colombie-Britannique sur le développement du marché du travail - rapport final |w(CaOODSP)9.631645 |
| 856 | 40|ahttp://publications.gc.ca|qPDF|s3.59 MB|uhttps://publications.gc.ca/collections/collection_2013/rhdcc-hrsdc/HS28-8-2004-eng.pdf |
| 986 | |aSP-AH-666-04-04E |